000 00621nas a2200229 4500
001 BR0001359
003 BR-BrBNA
005 20231205101806.0
007 ta
008 230509b bl.|||p| |||| 00| 00por d
040 _aBR-BrBNA
_bpor
_cBiblioteca Nacional de Agricultura
041 _a(Pt)
072 _aL70
100 1 _aFerrari, M.
245 1 _aDiagnostico por imagem
650 _aVeterinaria
650 _aDiagnostico
650 _aRadiografia
773 0 _tRevista CFMV (Brazil)
_x
_g(Dec 1998 - Feb 1999), v. 5(15) p. 13-16
_wBR0001359
909 _a202311
_bLúcia
_c55
_dLúcia Elande
942 _2AGRIS
_n0
_cANA
999 _c163951
_d163951